000 00634nam a2200241Ia 4500
005 20260430150331.0
008 008 250103s9999 xx 000 0 eng d
037 _aTheses
040 _aCRL
040 _beng
040 _ceng
041 _2eng
041 _aeng
084 _qCRL
100 _aSharma Shivani Au.; Abhijat Sujata Roy Au.
_91237177
245 0 _aCommodification of Food: A Critical Perspective in Food Ethics
260 _c2023
300 _a227p.
650 _aPhilosophy
700 _aUniversity of Delhi. Faculty of Arts. Deptt.of Philosophy
_91237178
942 _cTH
999 _c1849537
_d1849537